书目信息 |
| 题名: |
公路网络规划建设与管理方法
|
|
| 作者: | 王炜 著 | |
| 分册: | ||
| 出版信息: | 北京 科学出版社 2001.11 |
|
| 页数: | 405页 | |
| 开本: | 24cm | |
| 丛书名: | ||
| 单 册: | ||
| 中图分类: | U , U412.1 | |
| 科图分类: | ||
| 主题词: | 道路工程 | |
| 电子资源: | ||
| ISBN: | 7-03-009674-6 | |
| 000 | 00633nam0 2200217 45 | |
| 001 | 0355976527 | |
| 005 | 2003010715325652 | |
| 010 | @a7-03-009674-6@dRMB 50.00 | |
| 100 | @a20030107d2001 km y0chiy0120 ea | |
| 101 | 0 | @achi |
| 102 | @aCN@b110000 | |
| 200 | 1 | @a公路网络规划建设与管理方法@Agong lu wang luo gui hua jian she yu guan li fang fa@f王炜等著@Fwang wei deng zhu |
| 210 | @a北京@c科学出版社@d2001.11 | |
| 215 | @a405页@d24cm | |
| 300 | @a国家自然科学基金研究专著 | |
| 606 | 0 | @a道路工程 |
| 690 | @aU@v3 | |
| 690 | @aU412.1@v4 | |
| 701 | 0 | @a王炜@Awang wei@4著 |
| 801 | 0 | @aCN@bPFT@c20030107 |
| 905 | @a10447@dU412.1@eW373 | |
| 公路网络规划建设与管理方法/王炜等著.-北京:科学出版社,2001.11 |
| 405页;24cm |
| 国家自然科学基金研究专著 |
| ISBN 7-03-009674-6:RMB 50.00 |
| ● |
| 相关链接 |
|
|
|
正题名:公路网络规划建设与管理方法
索取号:U412.1/W373
 
预约/预借
| 序号 | 登录号 | 条形码 | 馆藏地/架位号 | 状态 | 备注 |
| 1 | 368143 | 203681435 | 自科库501/501自科库 51排3列3层/ [索取号:U412.1/W373] | 在馆 | |
| 2 | 368144 | 203681444 | 土木与交通工程学院资料室/土木与交通学院资料室 1排1列1层/ [索取号:U412.1/W373] | 在馆 |